Atención a los accidentes en el laboratorio y en la industria química / (Record no. 133400)

MARC details
000 -LEADER
campo de control de longitud fija 00650nam a2200193 4500
001 - NÚMERO DE CONTROL
campo de control 133400
003 - IDENTIFICADOR DE NÚMERO DE CONTROL
campo de control ES-MaACL
005 - FECHA Y HORA DE LA ÚLTIMA TRANSACCIÓN
campo de control 20230906194409.0
007 - CAMPO FIJO DE DESCRIPCIÓN FÍSICA--INFORMACIÓN GENERAL
campo de control de longitud fija t|
008 - DATOS DE LONGITUD FIJA--INFORMACIÓN GENERAL
campo de control de longitud fija 070214s1953 sp r ||||1| spa d
100 1# - ENTRADA PRINCIPAL--NOMBRE DE PERSONA
Nombre de persona Ruest, Ernst.
9 (RLIN) 100538
245 10 - MENCIÓN DEL TÍTULO
Título Atención a los accidentes en el laboratorio y en la industria química /
Mención de responsabilidad, etc. Prof. Dr. Ernst Rüst y Dr. Alfred Ebert ; traducción española del Prof. Dr. Vicente Irauzo.
250 ## - MENCION DE EDICION
Mención de edición 1ª ed.
260 ## - PUBLICACIÓN, DISTRIBUCIÓN, ETC.
Lugar de publicación, distribución, etc. Barcelona :
Nombre del editor, distribuidor, etc. Núcleo,
Fecha de publicación, distribución, etc. 1953.
300 ## - DESCRIPCIÓN FÍSICA
Extensión XII, 313 p. ;
Dimensiones 22 cm.
700 1# - ENTRADA AGREGADA--NOMBRE PERSONAL
Nombre de persona Ebert, Alfred.
9 (RLIN) 46473
700 1# - ENTRADA AGREGADA--NOMBRE PERSONAL
Nombre de persona Irauzo, Vicente.
9 (RLIN) 65424
852 ## - LOCALIZACIÓN
Ubicación ES-MaACL
Número de control de estantería D-9285
Sublocalización o colección R.34060
Holdings
Estatus retirado Estado de pérdida Estado de daño No para préstamo Biblioteca de origen Biblioteca actual Ubicación en estantería Fecha de adquisición Fuente de adquisición Total de préstamos Signatura topográfica completa Código de barras Visto por última vez Precio de reemplazo Tipo de ítem Koha
        Biblioteca del Ateneo de Madrid Biblioteca del Ateneo de Madrid Sala Valle Inclán 17/01/2008     D-9285 901138875 23/02/2023 23/02/2023 Libro impreso